=LDR 00000nam 2200000 4500 =001 INLIS000000000033580 =005 20130612135527 =008 ***********************************ind** =035 ##$$0010-061300000033580 =041 ##$$a ind =082 ##$$a 646 =090 ##$$a 646, Pus p =100 ##$$a PUSPA, Goet =245 ##$$a Panduan Teknik Menjahit, Goet Puspa =260 ##$$a 2006 $b Jogyakarta =300 ##$$a 147 hlm, ilus, 20 cm =650 ##$$a Menjahit =850 ##$$a NBPNMAT